000 00253 a2200109 4500
000 nam a22 7a 4500
020 _a0199488800
100 _aSanjay kumar
_969
245 _aCommunication skills: A workbook
260 _boxford
_c2018
264 _boxford
999 _c35907
_d35907